| 000 | 01739nam a2200373Ia 4500 | ||
|---|---|---|---|
| 001 | dia_1836 | ||
| 003 | CHAP | ||
| 005 | 20251021152309.0 | ||
| 008 | 220117s1972 xx 000 0 und d | ||
| 010 | _a172375 | ||
| 040 | _cCHAP | ||
| 082 | _a631.587 M36 1972 | ||
| 110 |
_aDepartamento de Agricultura de los Estados Unidos de América _9151658 |
||
| 245 |
_aManual Nacional de Ingeniería / _c Servicio de Conservación de Suelos, Departamento de Agricultura de los Estados Unidos de América ; traducción Emilio Ávila de la Torre, Ramón Palazón y Joaquín Palenzuela |
||
| 260 |
_aMéxico : _b Diana, _c1972 |
||
| 300 | _a9 v. | ||
| 410 | _aCOLECCIÓN INGENIERÍA DE SUELOS, 5 | ||
| 440 |
_aIngeniería de suelos. Manual de Ingeniería de Suelos. Sección 15: Riego _9151659 |
||
| 500 | _aTítulo original: Irrigation. Section 15 \ La biblioteca tiene v. 2, 3, 5, 6, 7, 8 y 9 | ||
| 505 | _av. 2 Planeamineto de sistemas de riego para granjas \ v. 3 Riego por diques de contorno \ v. 5 Medición del agua de riego \ v. 6 Riego por aspersión \ v. 7 Nivelación de terrenos \ v. 8 Principios del avenamiento o drenaje \ v. 9 Ingeniería geológica | ||
| 590 | _aS613 M36 1972 | ||
| 650 |
_aIrrigación _960366 |
||
| 650 |
_aIrrigation _9151660 |
||
| 650 |
_aManejo del suelo _9151661 |
||
| 650 |
_aSoil management _9151662 |
||
| 700 |
_aÁvila de la Torre, Emilio, tr. _9151663 |
||
| 700 |
_aPalazón, Ramón, tr. _9151664 |
||
| 700 |
_aPalenzuela, Joaquín, tr. _9151665 |
||
| 710 |
_aDepartamento de Agricultura de los Estados Unidos de América _9151658 |
||
| 901 | _a631.587 M36 1972 | ||
| 902 | _aM | ||
| 905 | _a5222271972 mx admn8222223322spa16 | ||
| 942 |
_cLIBRO _2ddc |
||
| 999 |
_c172375 _d172375 |
||